|
|
|
|
| LEADER |
00000cas a2200000 a 4500 |
| 001 |
vtls001304330 |
| 003 |
SK-MaSNL |
| 005 |
20260228163723.0 |
| 008 |
180126d19741974xo zn|ne 0 0b0slo |
| 035 |
|
|
|a SNK000256524
|
| 040 |
|
|
|a SNK
|b slo
|c SNK
|e AACR2
|
| 041 |
0 |
|
|a slo
|
| 044 |
|
|
|a xo
|c SK
|
| 080 |
|
|
|a 658.58
|2 2011
|
| 080 |
|
|
|a 050
|2 2001
|
| 245 |
0 |
0 |
|a Slovo opravárov
|b o priebehu GSO Moriacich liniek : PP VSŽ/364/74
|
| 260 |
|
|
|a Košice
|b [s.n.]
|c 1974
|
| 300 |
|
|
|a 1 zv.
|c 42 cm
|
| 310 |
|
|
|a Periodicita nie je známa
|
| 362 |
0 |
|
|a Č. 1 (18.3.1974)-č. 9 (1.4.1974)
|
| 500 |
|
|
|a V r. 1974 vyšlo 9 čísiel
|
| 650 |
0 |
7 |
|a opravy a údržba
|2 SNKPH
|9 67615
|
| 850 |
|
|
|a Slovenská národná knižnica v Martine
|
| 910 |
|
|
|a snk
|
| 999 |
|
|
|c 10549
|d 12479
|
| 952 |
|
|
|0 0
|1 0
|4 0
|7 0
|a SNK
|b SNK
|d 1997-09-30
|l 0
|o snkČSA 1146/1974
|p 17A0098993
|r 2005-01-02 00:00:00
|t č. 1-9
|w 2026-02-21
|y PREZ
|